| 000 -CABECERA |
| Longitud fija campo de control |
01261cam a2200325 a 4500 |
| 001 - NÚMERO DE CONTROL |
| Número de control |
991015790619706706 |
| 003 - IDENTIFICADOR DEL NÚMERO DE CONTROL |
| Identificador del número de control |
OSt |
| 005 - FECHA Y HORA DE LA ÚLTIMA TRANSACCIÓN |
| Fecha y hora de la última transacción |
20241202125605.0 |
| 008 - CÓDIGOS DE INFORMACIÓN DE LONGITUD FIJA |
| Códigos de información de longitud fija |
100506s2010 sp |||| |||||0|| 0 cat c |
| 017 ## - NÚMERO DE COPYRIGHT O DE DEPÓSITO LEGAL |
| Número de copyright o de depósito legal |
DL V. 1363-2010 |
| 020 ## - NÚMERO INTERNACIONAL NORMALIZADO PARA LIBROS |
| Número Internacional Normalizado para Libros (ISBN) |
9788437074160 |
| 035 ## - NÚMERO DE CONTROL DEL SISTEMA |
| Número de control del sistema |
(ES-BaCBU).b43958941 |
| 035 ## - NÚMERO DE CONTROL DEL SISTEMA |
| Número de control del sistema |
(OCoLC)804847050 |
| 040 ## - FUENTE DE LA CATALOGACIÓN |
| Centro catalogador de origen |
ES-BaCBU |
| Lengua de catalogación |
cat |
| Centro transcriptor |
CDMR |
| 100 1# - PUNTO DE ACCESO PRINCIPAL-NOMBRE DE PERSONA |
| Nombre de persona |
Philo, Greg. |
| 245 14 - MENCIÓN DE TÍTULO |
| Título |
Els mercats assassins : |
| Resto del título |
estudis culturals, mitjans de comunicació i conformisme / |
| Mención de responsabilidad, etc. |
Greg Philo i David Miller ; traducció de Rafael Xambó |
| 260 ## - PUBLICACIÓN, DISTRIBUCIÓN, ETC. (PIE DE IMPRENTA) |
| Lugar de publicación, distribución, etc. |
València : |
| Nombre del editor, distribuidor, etc. |
Publicacions de la Universitat de València, |
| Fecha de publicación, distribución, etc. |
cop. 2010 |
| 300 ## - DESCRIPCIÓN FÍSICA |
| Extensión |
195 p. ; |
| Dimensiones |
22 cm |
| 490 1# - MENCIÓN DE SERIE |
| Mención de serie |
Assaig ; |
| Designación de volumen o secuencia |
24 |
| 500 ## - NOTA GENERAL |
| Nota general |
Traducció de: Market killing. What the free market does and what social scientists can do about it |
| 504 ## - NOTA DE BIBLIOGRAFÍA, ETC |
| Nota de bibliografía, etc. |
Bibliografia p. 183-195 |
| 650 #4 - PUNTO DE ACCESO ADICIONAL DE MATERIA - TÉRMINO DE MATERIA |
| Término de materia o nombre geográfico como elemento inicial |
Globalització |
| Subdivisión de materia general |
Aspectes socials |
| 650 #0 - PUNTO DE ACCESO ADICIONAL DE MATERIA - TÉRMINO DE MATERIA |
| Término de materia o nombre geográfico como elemento inicial |
Mitjans de comunicació de massa |
| 9 (RLIN) |
2757 |
| Subdivisión de materia general |
Aspectes socials |
| 700 1# - PUNTO DE ACCESO ADICIONAL - NOMBRE DE PERSONA |
| Nombre de persona |
Miller, David, |
| 830 #0 - PUNTO DE ACCESO ADICIONAL DE SERIE - TÍTULO UNIFORME |
| Título uniforme |
Assaig (Universitat de València) ; |
| Designación de volumen o secuencia |
24 |
| 907 ## - ELEMENTO G DATOS LOCALES, GDL (RLIN) |
| a |
.b43958941 |
| b |
17-06-21 |
| c |
06-05-10 |
| d |
06-05-10 |
| e |
m |
| f |
a |
| g |
- |
| h |
cat |
| i |
sp |
| j |
0 |
| k |
0 |
| 908 ## - CONTROL DE PARÁMETROS (RLIN) |
| Parametro de comando lanzado |
UB |
| -- |
UVic-UCC |
| -- |
UPC |
| -- |
UdL |
| -- |
UdG |
| -- |
URV |
| -- |
URL |
| -- |
UAO |
| -- |
UAB |
| -- |
UPF |
| -- |
UOC |
| -- |
GEPA |
| -- |
GCDREU |
| 940 ## - |
| T&íacute;tulo uniforme |
<a href="UJI">UJI</a> |
| 942 ## - ENTRADA DE ELEMENTOS AGREGADOS (KOHA) |
| Fuente de clasificaión o esquema |
|
| Koha [por defecto] tipo de item |
Monografies |